Elastomer nanocomposites principles and applications (Record no. 74833)

MARC details
000 -LEADER
fixed length control field 00401nam a22001337a 4500
082 ## - DEWEY DECIMAL CLASSIFICATION NUMBER
Classification number RIB.30 678.074:678-036
Item number JOS
100 ## - MAIN ENTRY--AUTHOR NAME
Personal name JOSHI (Aparna Makarand)
245 ## - TITLE STATEMENT
Title Elastomer nanocomposites principles and applications
246 ## - VARYING FORM OF TITLE
Title proper/short title Rubber Industry Books Box. Pocket book
260 ## - PUBLICATION, DISTRIBUTION, ETC. (IMPRINT)
Place of publication Thailand
Name of publisher Technobiz Communications
Year of publication 2018
300 ## - PHYSICAL DESCRIPTION
Number of Pages 80p.
650 ## - SUBJECT ADDED ENTRY--TOPICAL TERM
Topical Term Elastomer nanocomposites
942 ## - ADDED ENTRY ELEMENTS (KOHA)
Koha item type Books
Holdings
Withdrawn status Lost status Damaged status Not for loan Home library Current library Date acquired Source of acquisition Full call number Accession Number Koha item type
        RRII Library RRII Library 12/07/2022 Marithi Subscription Services, Hyderabad RIB.30 678.074:678-036 MAJ 23584 Books